000 00626nam a2200229Ia 4500
003 OSt
005 20220928123904.0
006 a|||||r|||| 00| 0
007 ta
008 220927b |||||||| |||| 00| 0 eng d
024 _a75215
037 _cTextual
040 _aSDCL
_cSDCL
_beng
041 _2eng
_aeng
082 _aX81, P3
100 _aAven Terje
_9447948
245 0 _aFoundations of risk analysis
_b A Knowledge and decision-oriented perspective
260 _aChichester
_bJohn Wiley
_c2003
300 _axv,190p
_ccm.
942 _hX81, P3
_cTEXL
_2CC
999 _c775016
_d775016